000 00669nam a2200133 a 4500
008 100310s9999 ||||||||||||||||| || u
050 _aUN-ECA(01)PADIS
110 _aUnited Nations Economic Commission For Africa(UNECA)
245 1 0 _aPADIS question - answer service : data bases searched
_cby United Nations Economic Commission for Africa (UN-ECA)
260 _aAddis Ababa
_bUNITED NATIONS ECONOMIC COMMISSION FOR AFRICA(UNECA)
_c
350 _a0.00
650 _aPADIS (INFORMATION RETRIEVAL SYSTEMS)
995 _D0.00
_FCBU-MAIN LIBRARY (Kitwe)
_H1
_I0.00
_M1
_UAVAILABLE
_WMar 10, 2010
_ZInternational Publications
999 _c53068
_d53068